000 00575nam a2200205Ia 4500
003 OSt
005 20250620095727.0
008 210210b1987 xxu||||| |||| 00| 0 eng d
040 _cAL
041 _aKannada
082 _aK894.109 VENP
100 _aVENKATACHALA SHASTRI (T V)
_dವೆಂಕಟಾಚಲ ಶಾಸ್ತ್ರಿ (ಟಿ ವಿ)
_9215605
245 _aPampa
_bಪಂಪ
260 _aHosa Dehali
_bSahitya Akademi
_c1987
300 _a112
650 _aPampa.
_9215606
690 _aKannada Poetry Criticism
_9215607
906 _a041950
942 _2ddc
_cBK
999 _c91712
_d91712